|
|
|
|
| LEADER |
00000cam a2200000 7i4500 |
| 001 |
0000000518 |
| 005 |
20000826.0 |
| 020 |
0 |
0 |
|a 0813379946
|
| 090 |
0 |
0 |
|a 102.85
|b PHI 1992
|
| 245 |
0 |
0 |
|a PHILOSOPHY and the computer
|c edited by Leslie Burkholder
|
| 260 |
0 |
0 |
|a Boulder, Colorado :
|b Westview Press ,
|c 1992
|
| 300 |
|
|
|a xi, 268 p. :
|b ill. ;
|c 23 cm.
|
| 500 |
0 |
0 |
|a Bibliography: [p. 259-267]
|
| 650 |
0 |
0 |
|a Artificial intelligence
|
| 650 |
0 |
0 |
|a Computers
|
| 650 |
0 |
0 |
|a Philosophy and cognitive science
|
| 650 |
0 |
0 |
|a Philosophy of mind
|
| 650 |
0 |
0 |
|a Philosophy
|x Data processing
|
| 700 |
0 |
1 |
|a Burkholder
|h Leslie
|
| 999 |
|
|
|a 0000000332
|b Monograph
|c Open Shelf
|e Default branch
|